=LDR 00000nam 2200000 4500 =001 INLIS000000000049331 =005 20170209110805.0 =006 =007 =008 =020 ##$$a 978-602-7686-09-7 =035 ##$$0010-021700000000123 =040 ##$$a NBPDMAT =082 ##$$a 307 .095 986 51 =090 ##$$a 307 .095 986 51 Fau p =100 ##$$a Fauzan Hadi =245 ##$$a Potret kehidupan masyarakat sasak / $b Fauzan hadi ; editor sahlan S.pd =260 ##$$a Pringgabaya : $b KSU Primaguna, $c 2014 =300 ##$$a 68 hlm . : $b ilus . ; $c 21 cm =500 ##$$a Bibliografi : hlm .67 - 68 =650 ##$$a KEHIDUPAN SISIAL - LOMBOK =700 ##$$a Sahlan =990 ##$$a 253/45/2016 =990 ##$$a 21604185 =990 ##$$a 21604186 =990 ##$$a 21604188 =990 ##$$a 21604189 =990 ##$$a 253/45/2016 =990 ##$$a 21604186 =990 ##$$a 253/45/2016 =990 ##$$a 21604188 =990 ##$$a 21604189